| 000 | 00765nam a2200181Ia 4500 | ||
|---|---|---|---|
| 008 | 100920s9999 xx 000 0 und d | ||
| 082 |
_b59765 _a930 थ 35 |
||
| 100 | _aखैर गजानन श्रीपत. | ||
| 245 | _aजगांतील समाजक्रांती व हिंदुस्थान. | ||
| 260 |
_bकेतकर विष्णु गंगाधर पुणे. _c1935 |
||
| 300 |
_a263 _bसाधी |
||
| 365 | _b1 | ||
| 520 | _aइतिहास. | ||
| 630 | _aजगांतील समाजक्रांती व हिंदुस्थान. | ||
| 650 | _aइतिहास. | ||
| 730 | _aजगांतील समाजक्रांती व हिंदुस्थान. | ||
| 942 | _cBOOK | ||
| 999 |
_c703140 _d703137 |
||